00225nam a2200085Ia 450000100070000000500170000700800410002424500550006526000190012064530020250826153621.0250824s9999 xx 000 0 und d 0a1 Okulda İlk Gün Sürprizi c Kate McMullan bBEYAZ BALİNA